000 00334nam a2200133Ia 4500
008 151001s9999||||xx |||||||||||||| ||und||
100 _aबा ब देवधर
245 _aउद्योगी सत्यवान
250 _a1
260 _bदेवधर बा ब
260 _c1912
300 _a80
365 _b7.5
999 _c948721
_d948718